[Event "FRA-chT"]
[Site "FRA"]
[Date "1998.04.04"]
[Round "6"]
[White "Eliet, Nicolas"]
[Black "Flouzat, Jean Marc"]
[Result "1-0"]
[WhiteElo "2355"]
[BlackElo "2225"]
[PlyCount "107"]
[EventDate "1998.02.06"]
[Source "ChesBase"]
[SourceDate "1998.07.07"]

1. d4 d5 2. c4 c6 3. Nf3 e6 4. Qc2 f5 5. Bf4 Nf6 6. e3 Be7 7. h3 Qa5+ 8. Nc3
Ne4 9. Nd2 Nxd2 10. Qxd2 Nd7 11. Be2 dxc4 12. Bxc4 Nb6 13. Bb3 Nd5 14. Be5 O-O
15. O-O Bd7 16. Rac1 Rae8 17. Qd3 Qd8 18. Na4 Bc8 19. e4 fxe4 20. Qxe4 Bd6 21.
Bc2 g6 22. Nc5 Bxe5 23. Qxe5 Qf6 24. Ne4 Qe7 25. Rce1 Rd8 26. Nc5 Rd6 27. Bb3
Rf5 28. Qh2 b6 29. Ne4 Rd8 30. Rc1 Bd7 31. Rfe1 Qf8 32. Qg3 Rf4 33. Rcd1 Bc8
34. Ng5 Rd6 35. Re5 Nc7 36. Ne4 Rd8 37. Qg5 Nd5 38. Qg3 Bd7 39. Ng5 Rf6 40.
Rde1 Re8 41. Bxd5 cxd5 42. R5e2 h6 43. Nf3 Rc8 44. Ne5 Qg7 45. Qd3 g5 46. Rc2
Rxc2 47. Qxc2 Be8 48. Qc8 Qe7 49. Ng4 Rg6 50. Rc1 h5 51. Rc7 Qf8 52. Ne5 Rf6
53. f3 a5 54. Qb8 1-0

[Event "FRA-chT"]
[Site "FRA"]
[Date "1998.04.04"]
[Round "6"]
[White "Forintos, Gyozo V"]
[Black "Hauchard, Arnaud"]
[Result "1/2-1/2"]
[WhiteElo "2395"]
[BlackElo "2480"]
[PlyCount "77"]
[EventDate "1998.02.06"]
[Source "ChesBase"]
[SourceDate "1998.07.07"]

1. d4 Nf6 2. c4 e6 3. Nc3 Bb4 4. Qc2 O-O 5. a3 Bxc3+ 6. Qxc3 h6 7. g3 d6 8. Nf3
b6 9. Bg2 Bb7 10. O-O Nbd7 11. Rd1 Be4 12. b4 Qe7 13. Bb2 Rfc8 14. Rac1 a5 15.
Qe3 axb4 16. axb4 Ra2 17. Qb3 Rca8 18. Ne1 Bxg2 19. Kxg2 c6 20. Nc2 R2a7 21.
Ne3 d5 22. cxd5 cxd5 23. b5 Ra4 24. Nc2 Ne4 25. f3 Nd6 26. Nb4 Nc4 27. Nc6 Qf8
28. Ra1 Rxa1 29. Rxa1 Rxa1 30. Bxa1 Qa3 31. Qxa3 Nxa3 32. Na7 Nf6 33. Bc3 Ne8
34. Bb4 Nc4 35. Kf2 f6 36. e4 Kf7 37. Ke2 h5 38. Kd3 g5 39. h3 1/2-1/2

[Event "FRA-chT"]
[Site "FRA"]
[Date "1998.04.04"]
[Round "6"]
[White "Gervais, Claire"]
[Black "Sarthou, Gaetan"]
[Result "1/2-1/2"]
[WhiteElo "2265"]
[BlackElo "2305"]
[PlyCount "114"]
[EventDate "1998.02.06"]
[Source "ChesBase"]
[SourceDate "1998.07.07"]

1. d4 Nf6 2. c4 g6 3. Nc3 d5 4. Nf3 Bg7 5. Bf4 O-O 6. Rc1 dxc4 7. e4 c5 8. d5
Qa5 9. e5 Ne4 10. Bxc4 b5 11. Bd3 Nxc3 12. Rxc3 c4 13. Be4 Bb7 14. O-O Na6 15.
Nd4 Rfd8 16. Qf3 Nc5 17. b4 Qxb4 18. Rb1 Qxc3 19. Qxc3 Nxe4 20. Qe3 Bxd5 21.
Rxb5 Rab8 22. h4 Ba8 23. f3 Rxb5 24. Nxb5 Nd2 25. Qe2 a6 26. Nc7 c3 27. Nxa8
Rxa8 28. Bxd2 cxd2 29. Qxd2 e6 30. Qa5 Bf8 31. Kf2 Be7 32. Qc7 Bxh4+ 33. g3 Bg5
34. f4 Bh6 35. Qb7 Rd8 36. Qxa6 Bf8 37. a4 Rd2+ 38. Ke3 Ra2 39. Qa8 Ra3+ 40.
Kf2 Kg7 41. Qc6 Ra2+ 42. Kf3 Ra3+ 43. Kg2 Bb4 44. Qe4 Ra2+ 45. Kf3 Ra3+ 46. Ke2
Bc5 47. g4 h5 48. gxh5 gxh5 49. f5 exf5 50. Qxf5 Be7 51. Qxh5 Rxa4 52. Kd3 Ra6
53. Qg4+ Rg6 54. Qd7 Bh4 55. Ke4 Re6 56. Kd5 Bg3 57. Qxe6 fxe6+ 1/2-1/2

[Event "FRA-chT"]
[Site "FRA"]
[Date "1998.04.04"]
[Round "6"]
[White "Giacomini, Hector"]
[Black "Ferguson, Mark"]
[Result "0-1"]
[WhiteElo "2305"]
[BlackElo "2410"]
[PlyCount "64"]
[EventDate "1998.02.06"]
[Source "ChesBase"]
[SourceDate "1998.07.07"]

1. d4 d5 2. Nf3 Nf6 3. c4 c6 4. e3 Bf5 5. Nc3 e6 6. Bd3 Bxd3 7. Qxd3 Nbd7 8.
O-O Bb4 9. Bd2 a5 10. Rfd1 O-O 11. a3 Bxc3 12. bxc3 Nb6 13. cxd5 cxd5 14. Rab1
Nc4 15. Rxb7 Qc8 16. Rb3 a4 17. Rb4 Nxa3 18. Ra1 Nc4 19. Bc1 a3 20. Nd2 Nxd2
21. Bxd2 Ne4 22. Bc1 a2 23. c4 Qa6 24. Qc2 Qa5 25. Qb2 dxc4 26. h3 c3 27. Qb3
Rfc8 28. Rc4 Rcb8 29. Qc2 Qb5 30. Rxc3 Nxc3 31. Qxc3 Qb1 32. Kh2 Qxa1 0-1

[Event "FRA-chT"]
[Site "FRA"]
[Date "1998.04.04"]
[Round "6"]
[White "Glavina, Pablo"]
[Black "Pira, Davoud"]
[Result "0-1"]
[WhiteElo "2425"]
[BlackElo "2340"]
[PlyCount "76"]
[EventDate "1998.02.06"]
[Source "ChesBase"]
[SourceDate "1998.07.07"]

1. e4 c6 2. d4 d5 3. exd5 cxd5 4. c4 Nf6 5. Nc3 e6 6. Nf3 Bb4 7. cxd5 Nxd5 8.
Qc2 Nc6 9. Be2 O-O 10. O-O Nf6 11. Rd1 Be7 12. Bg5 Nb4 13. Qb3 Nfd5 14. Bd2 b6
15. Ne5 Bb7 16. Bf3 f6 17. Ng4 Qd7 18. a3 Na6 19. Nxd5 Bxd5 20. Bxd5 exd5 21.
Ne3 Nc7 22. Rac1 Rf7 23. Rc2 Rd8 24. Rdc1 Ne6 25. Qd3 Bf8 26. Nf5 Kh8 27. f4 g6
28. Nh4 Ng7 29. h3 Bd6 30. g4 Re7 31. f5 gxf5 32. Qf3 fxg4 33. Qxf6 gxh3 34.
Bg5 Rde8 35. Rb1 Qg4+ 36. Kh1 Qe4+ 37. Kg1 Re6 38. Qf3 Qxc2 0-1

[Event "FRA-chT"]
[Site "FRA"]
[Date "1998.04.04"]
[Round "6"]
[White "Hamdouchi, Hichem"]
[Black "Apicella, Manuel"]
[Result "1-0"]
[WhiteElo "2535"]
[BlackElo "2520"]
[PlyCount "55"]
[EventDate "1998.02.06"]
[Source "ChesBase"]
[SourceDate "1998.07.07"]

1. e4 c5 2. Nf3 Nc6 3. d4 cxd4 4. Nxd4 Nf6 5. Nc3 d6 6. Bg5 e6 7. Qd2 a6 8.
O-O-O h6 9. Be3 Be7 10. f4 Nxd4 11. Bxd4 b5 12. Kb1 Bb7 13. Bd3 b4 14. Na4 Bc6
15. Nb6 Rb8 16. Nc4 d5 17. Ne5 Bb7 18. exd5 Bxd5 19. Rhe1 Qa5 20. b3 Bc5 21.
Bb2 Rd8 22. g4 Nd7 23. Nxd7 Rxd7 24. f5 Rg8 25. g5 hxg5 26. fxe6 fxe6 27. Qxg5
Re7 28. Bg6+ 1-0

[Event "FRA-chT"]
[Site "FRA"]
[Date "1998.04.04"]
[Round "6"]
[White "Hebden, Mark"]
[Black "Godena, Michele"]
[Result "0-1"]
[WhiteElo "2585"]
[BlackElo "2500"]
[PlyCount "104"]
[EventDate "1998.02.06"]
[Source "ChesBase"]
[SourceDate "1998.07.07"]

1. d4 d5 2. c4 c6 3. Nf3 Nf6 4. e3 e6 5. Bd3 a6 6. Nbd2 c5 7. b3 Nc6 8. Bb2
cxd4 9. exd4 dxc4 10. bxc4 Bc5 11. Nb3 Bb4+ 12. Kf1 O-O 13. Ne5 Nxe5 14. dxe5
Nd7 15. Qh5 g6 16. Qe2 Nc5 17. Nxc5 Bxc5 18. Rd1 Bd7 19. Be4 Qc7 20. h4 Ba4 21.
Rd3 Rad8 22. h5 Bc6 23. Rhh3 Bxe4 24. Qxe4 Qb6 25. Qe2 Rxd3 26. Rxd3 Rd8 27.
Rb3 Qc6 28. Rd3 Qb6 29. Rb3 Qc6 30. Rd3 Rxd3 31. Qxd3 Qb6 32. Qd2 gxh5 33. g3
Kf8 34. Bc3 Ke8 35. Qc2 Bd4 36. Qa4+ Kf8 37. Bb4+ Bc5 38. a3 Kg7 39. Kg2 Bxf2
40. Qc2 Bc5 41. Qd2 h6 42. Qf4 Bxb4 43. axb4 Qxb4 44. Qf6+ Kg8 45. Qd8+ Kg7 46.
Qf6+ Kg8 47. Qd8+ Kh7 48. Qf6 Qd2+ 49. Kh3 Kg8 50. Qf3 Qg5 51. Qxb7 Qg4+ 52.
Kh2 Qe2+ 0-1

[Event "FRA-chT"]
[Site "FRA"]
[Date "1998.04.04"]
[Round "6"]
[White "Herb, Pascal"]
[Black "Cursoux, Laurent"]
[Result "1/2-1/2"]
[WhiteElo "2345"]
[BlackElo "2190"]
[PlyCount "139"]
[EventDate "1998.02.06"]
[Source "ChesBase"]
[SourceDate "1998.07.07"]

1. e4 c5 2. Nf3 d6 3. d4 cxd4 4. Nxd4 Nf6 5. Nc3 g6 6. Be2 Bg7 7. O-O O-O 8.
Re1 Nc6 9. Nb3 Be6 10. Bf1 Rc8 11. Nd5 Re8 12. Bg5 Bxd5 13. exd5 Ne5 14. c3 Nc4
15. Bxc4 Rxc4 16. Qd3 Rc7 17. Re2 b6 18. Rae1 Qa8 19. Bxf6 Bxf6 20. Nd2 Bg7 21.
Ne4 Rec8 22. h4 h5 23. g4 Be5 24. gxh5 Kg7 25. Ng5 Rh8 26. hxg6 Rxh4 27. Rxe5
dxe5 28. Qf5 Qxd5 29. f3 e6 30. Qxe5+ Qxe5 31. Rxe5 Kxg6 32. Kg2 f6 33. Nxe6
fxe5 34. Nxc7 Rh7 35. Nd5 Rd7 36. c4 b5 37. b3 bxc4 38. bxc4 Rb7 39. f4 exf4
40. Kf3 Kf5 41. Nxf4 Rb2 42. Ke3 Rxa2 43. Nd3 a5 44. Kd4 a4 45. Kc3 Ra3+ 46.
Kc2 Ra2+ 47. Kc3 a3 48. Kb3 Rh2 49. Nb4 Rh3+ 50. Ka2 Ke4 51. Nc6 Rc3 52. Na7
Rh3 53. Nb5 Kd3 54. Kxa3 Kxc4+ 55. Ka4 Rh4 56. Na3+ Kc3+ 57. Ka5 Rb4 58. Nb5+
Kc4 59. Nc7 Rb7 60. Na6 Rb5+ 61. Ka4 Re5 62. Nb4 Re7 63. Ka3 Re8 64. Na2 Rb8
65. Nc1 Kd4 66. Nb3+ Kc3 67. Na5 Kd3 68. Ka4 Ra8 69. Kb5 Rxa5+ 70. Kxa5 1/2-1/2

[Event "FRA-chT"]
[Site "FRA"]
[Date "1998.04.04"]
[Round "6"]
[White "Ikonnikov, Vyacheslav"]
[Black "Dorfman, Josif D"]
[Result "1/2-1/2"]
[WhiteElo "2550"]
[BlackElo "2600"]
[PlyCount "70"]
[EventDate "1998.02.06"]
[Source "ChesBase"]
[SourceDate "1998.07.07"]

1. d4 Nf6 2. Nf3 e6 3. c4 b6 4. g3 Ba6 5. Qa4 Bb7 6. Bg2 c5 7. dxc5 bxc5 8. O-O
Be7 9. Nc3 O-O 10. Rd1 Qb6 11. Bf4 d6 12. Rd2 Nc6 13. Ne1 Rfd8 14. Rad1 Nd4 15.
Bxb7 Qxb7 16. e3 Nf5 17. Bg5 h6 18. Bxf6 Bxf6 19. Qc2 h5 20. Ne4 Be7 21. h4 Qc6
22. Nf3 g6 23. Neg5 Bf6 24. e4 Nd4 25. Nxd4 Bxd4 26. b4 a6 27. a4 Qb6 28. b5
axb5 29. cxb5 Qa5 30. Nf3 e5 31. Nxd4 cxd4 32. Ra1 Rdc8 33. Qa2 Kg7 34. Rb2
Rab8 35. Qb3 Qa8 1/2-1/2

[Event "FRA-chT"]
[Site "FRA"]
[Date "1998.04.04"]
[Round "6"]
[White "Julve, Philippe"]
[Black "Varlet, Nicolas"]
[Result "1-0"]
[WhiteElo "2235"]
[BlackElo "2230"]
[PlyCount "77"]
[EventDate "1998.02.06"]
[Source "ChesBase"]
[SourceDate "1998.07.07"]

1. d4 Nf6 2. c4 g6 3. Nc3 d5 4. Qa4+ c6 5. cxd5 Nxd5 6. e4 Nb6 7. Qd1 Bg7 8.
Be3 e5 9. d5 O-O 10. Qd2 cxd5 11. Nxd5 Nc6 12. Nxb6 Qxd2+ 13. Kxd2 axb6 14. Bc4
Nd4 15. Ne2 Rd8 16. Nxd4 exd4 17. Bg5 Re8 18. Kd3 Bd7 19. a3 h6 20. Bf4 Rac8
21. Rac1 g5 22. Bd2 Bc6 23. f3 Be5 24. h4 Bf6 25. hxg5 hxg5 26. Rh5 Re5 27. a4
Rd8 28. Rh6 Bg7 29. Rg6 Rd7 30. b3 b5 31. axb5 Bxb5 32. Rxg5 Bxc4+ 33. Rxc4 Re8
34. f4 f6 35. Rb5 Red8 36. Ba5 Re8 37. Rxd4 Rde7 38. Rbd5 Bh6 39. g3 1-0

[Event "FRA-chT"]
[Site "FRA"]
[Date "1998.04.04"]
[Round "6"]
[White "Kappler, Jean Marie"]
[Black "Tirard, Hugo"]
[Result "0-1"]
[WhiteElo "2255"]
[BlackElo "2380"]
[PlyCount "63"]
[EventDate "1998.02.06"]
[Source "ChesBase"]
[SourceDate "1998.07.07"]

1. c4 Nf6 2. d4 g6 3. Nc3 Bg7 4. e4 d6 5. h3 O-O 6. Bg5 Na6 7. Bd3 e5 8. d5 Qe8
9. a3 h6 10. Be3 Nh5 11. b4 f5 12. Nf3 Nf4 13. Bf1 Bd7 14. g3 Nh5 15. c5 fxe4
16. Nd2 Nf6 17. g4 Rd8 18. cxd6 cxd6 19. Rc1 Nc7 20. Ndxe4 Nxe4 21. Nxe4 Nb5
22. Bg2 Qe7 23. O-O Rc8 24. Qd2 Kh7 25. Rxc8 Rxc8 26. Rc1 Nd4 27. Rxc8 Bxc8 28.
a4 b6 29. b5 Bb7 30. Qb4 Bxd5 31. Ng5+ hxg5 32. Bxd5 0-1

[Event "FRA-chT"]
[Site "FRA"]
[Date "1998.04.04"]
[Round "6"]
[White "Kinsman, Andrew PH"]
[Black "Gaborit, Jean Pierre"]
[Result "1-0"]
[WhiteElo "2430"]
[BlackElo "2280"]
[PlyCount "131"]
[EventDate "1998.02.06"]
[Source "ChesBase"]
[SourceDate "1998.07.07"]

1. d4 d5 2. Nf3 Nc6 3. g3 Bg4 4. Bg2 Qd7 5. O-O Bh3 6. c4 Bxg2 7. Kxg2 e6 8.
Qa4 Nf6 9. Nc3 Bb4 10. a3 Bxc3 11. bxc3 O-O 12. Bf4 dxc4 13. Qxc4 Nd5 14. Bd2
Na5 15. Qd3 Nb3 16. c4 Nxd2 17. Qxd2 Nf6 18. Ne5 Qd6 19. Qe3 Nd7 20. Nxd7 Qxd7
21. Qe4 Rab8 22. a4 Rfd8 23. Rfd1 Qd6 24. a5 h6 25. e3 Re8 26. Rab1 b6 27. a6
Qa3 28. Ra1 Qb4 29. Rdc1 Qe7 30. c5 e5 31. cxb6 Rxb6 32. dxe5 c5 33. f4 Qe6 34.
Rxc5 Rxa6 35. Rxa6 Qxa6 36. Qc4 Qb7+ 37. e4 Rd8 38. Rc7 Qb2+ 39. Kf3 Rf8 40.
Rxa7 Qb6 41. Rc7 Qg6 42. Rc8 Qh5+ 43. Kg2 g5 44. Rxf8+ Kxf8 45. f5 Qd1 46. f6
Qd2+ 47. Kf3 Qd1+ 48. Ke3 Qg1+ 49. Kd3 Qd1+ 50. Kc3 Qa1+ 51. Kc2 Kg8 52. e6
Qxf6 53. exf7+ Kh7 54. Qd5 Qf2+ 55. Kd3 Qf1+ 56. Kd4 Qa1+ 57. Kc5 Qa3+ 58. Kc6
Qa6+ 59. Kd7 Qa7+ 60. Ke6 Qb6+ 61. Ke7 Qc7+ 62. Kf6 Qb6+ 63. Qe6 Qd4+ 64. e5
Qd8+ 65. Qe7 Qb6+ 66. Qd6 1-0

[Event "FRA-chT"]
[Site "FRA"]
[Date "1998.04.04"]
[Round "6"]
[White "Koch, Jean Rene"]
[Black "Flear, Christine"]
[Result "1-0"]
[WhiteElo "2490"]
[BlackElo "2240"]
[PlyCount "35"]
[EventDate "1998.02.06"]
[Source "ChesBase"]
[SourceDate "1998.07.07"]

1. e4 c5 2. Nf3 Nc6 3. d4 cxd4 4. Nxd4 Qc7 5. Nc3 e6 6. Be2 a6 7. O-O Nf6 8.
Be3 Bb4 9. Na4 Rb8 10. Nxc6 bxc6 11. c4 Bd6 12. Bb6 Bxh2+ 13. Kh1 Rxb6 14. Nxb6
Nxe4 15. Nxc8 Qf4 16. Qd3 Bg3 17. fxg3 Nxg3+ 18. Kg1 1-0

[Event "FRA-chT"]
[Site "FRA"]
[Date "1998.04.04"]
[Round "6"]
[White "Koglin, Anke"]
[Black "Tagnon, Nicole"]
[Result "1-0"]
[WhiteElo "2205"]
[BlackElo "2080"]
[PlyCount "83"]
[EventDate "1998.02.06"]
[Source "ChesBase"]
[SourceDate "1998.07.07"]

1. e4 Nf6 2. e5 Nd5 3. d4 d6 4. Nf3 Bg4 5. Be2 e6 6. O-O Be7 7. exd6 cxd6 8. c4
Nb6 9. h3 Bh5 10. Be3 O-O 11. Nc3 d5 12. c5 Bxf3 13. Bxf3 Nc8 14. b4 Nc6 15. b5
Na5 16. Be2 Bf6 17. Rc1 Ne7 18. Bd3 g6 19. Ne2 Re8 20. Qa4 a6 21. bxa6 Nac6 22.
Rb1 bxa6 23. Rb6 Qc7 24. Rfb1 Reb8 25. Bxa6 e5 26. dxe5 Bxe5 27. a3 Kg7 28. Qc2
d4 29. Bg5 Nd5 30. Rxb8 Rxb8 31. Bb5 Ra8 32. Qe4 d3 33. Qxd5 dxe2 34. Qxc6 Qxc6
35. Bxc6 Rb8 36. Re1 Rb2 37. Bf3 Bc3 38. Rxe2 Rb1+ 39. Kh2 Rb5 40. Be3 Be5+ 41.
g3 Rb3 42. Rc2 1-0

[Event "FRA-chT"]
[Site "FRA"]
[Date "1998.04.04"]
[Round "6"]
[White "Kosten, Anthony C"]
[Black "Rausis, Igors"]
[Result "0-1"]
[WhiteElo "2535"]
[BlackElo "2520"]
[PlyCount "122"]
[EventDate "1998.02.06"]
[Source "ChesBase"]
[SourceDate "1998.07.07"]

1. e4 c5 2. Nc3 Nc6 3. f4 g6 4. Nf3 Bg7 5. Bb5 Nd4 6. O-O Nxb5 7. Nxb5 Nf6 8.
e5 Nd5 9. d4 Nc7 10. a4 cxd4 11. Qxd4 d6 12. Qc4 Nxb5 13. Qxb5+ Qd7 14. exd6
Qxb5 15. axb5 exd6 16. Rd1 Ke7 17. Ra2 Bd7 18. b3 Bxb5 19. c4 Bc6 20. Re2+ Kd7
21. Ne5+ Kc7 22. Nxf7 Rhe8 23. Red2 Bc3 24. Rd3 Bb4 25. Bd2 a5 26. Bxb4 axb4
27. R3d2 Re3 28. Nxd6 Rf8 29. Nb5+ Kb6 30. g3 Rxb3 31. Nd4 Re3 32. Nc2 Rb3 33.
Nd4 Rc3 34. c5+ Ka5 35. Ra2+ Ra3 36. Rb2 Be4 37. Re1 Bd3 38. Re6 Rd8 39. Rd6
Rxd6 40. cxd6 Bb5 41. Nxb5 Kxb5 42. Rd2 Ra8 43. g4 b3 44. Kf2 Kc4 45. d7 Rd8
46. Ke2 Kc3 47. Rd3+ Kc2 48. Rd2+ Kc1 49. Rd1+ Kc2 50. Rd2+ Kb1 51. Rd5 b2 52.
f5 gxf5 53. gxf5 b6 54. Rd6 Ka1 55. Rxb6 b1=Q 56. Rxb1+ Kxb1 57. Ke3 Rxd7 58.
h4 Ra7 59. Kf4 Kc2 60. f6 Kd3 61. Ke5 h5 0-1

[Event "FRA-chT"]
[Site "FRA"]
[Date "1998.04.04"]
[Round "6"]
[White "Laclau, Daniel"]
[Black "Renet, Olivier"]
[Result "0-1"]
[WhiteElo "2290"]
[BlackElo "2490"]
[PlyCount "156"]
[EventDate "1998.02.06"]
[Source "ChesBase"]
[SourceDate "1998.07.07"]

1. d4 Nf6 2. Nf3 e6 3. c4 d5 4. Nc3 Be7 5. e3 O-O 6. Qc2 Nbd7 7. b3 b6 8. Be2
Bb7 9. O-O c5 10. Bb2 cxd4 11. exd4 Rc8 12. Rac1 dxc4 13. bxc4 Bxf3 14. Bxf3
Rxc4 15. Rfd1 Qb8 16. Be2 Rcc8 17. Qa4 Rfd8 18. Qa6 e5 19. Nb5 Rxc1 20. Rxc1
exd4 21. Qxa7 Qxa7 22. Nxa7 Bc5 23. Nc6 Ra8 24. a3 Bxa3 25. Ra1 Re8 26. Bxa3
Rxe2 27. Nxd4 Re8 28. Bb2 h6 29. g3 Kh7 30. Kg2 Kg6 31. Ra7 Nc5 32. Nf3 Nfd7
33. Bd4 Rf8 34. Rc7 Kh7 35. h4 Kg8 36. Ne5 Nxe5 37. Bxe5 Rd8 38. Rc6 Na4 39.
Rc7 Rd5 40. Bf4 b5 41. Rc8+ Kh7 42. Kf3 h5 43. Ke4 Rd7 44. Be3 Re7+ 45. Kd3
Nb2+ 46. Kd4 Rd7+ 47. Kc5 Nc4 48. Bf4 Rd3 49. Rc7 f6 50. Kxb5 Nd6+ 51. Bxd6
Rxd6 52. Rc2 Kg6 53. Kc5 Rd8 54. Re2 Kf5 55. Kc4 Rd7 56. f3 Rd1 57. Rg2 g6 58.
g4+ Kf4 59. gxh5 gxh5 60. Rg6 Kxf3 61. Rxf6+ Kg4 62. Rg6+ Kxh4 63. Kc3 Kh3 64.
Kc2 Rd5 65. Rg8 h4 66. Rg7 Kh2 67. Rg4 h3 68. Rg8 Kh1 69. Rg7 h2 70. Rg8 Rf5
71. Kd2 Rf1 72. Ke3 Rg1 73. Ra8 Kg2 74. Rg8+ Kf1 75. Rf8+ Ke1 76. Ra8 Rg3+ 77.
Kf4 Rf3+ 78. Kg4 Rf1 0-1

[Event "FRA-chT"]
[Site "FRA"]
[Date "1998.04.04"]
[Round "6"]
[White "Lecuyer, Christian"]
[Black "Mulder, Bart Piet"]
[Result "1-0"]
[WhiteElo "2265"]
[BlackElo "2210"]
[PlyCount "59"]
[EventDate "1998.02.06"]
[Source "ChesBase"]
[SourceDate "1998.07.07"]

1. Nf3 g6 2. d4 Bg7 3. c4 Nf6 4. Nc3 d5 5. cxd5 Nxd5 6. e4 Nxc3 7. bxc3 O-O 8.
Be3 c5 9. Qd2 Nc6 10. d5 Qa5 11. Rc1 Rd8 12. c4 Nb4 13. Be2 Bb2 14. O-O Bxc1
15. Rxc1 b6 16. Ra1 Qa4 17. a3 f6 18. h3 Nc6 19. Qc3 Na5 20. Nd2 Ba6 21. e5 Kg7
22. d6 exd6 23. exf6+ Kg8 24. Bf3 Bb7 25. f7+ Kxf7 26. Bh6 Rg8 27. Bg5 Rge8 28.
Bxb7 Nxb7 29. Qf3+ Kg8 30. Qd5+ 1-0

[Event "FRA-chT"]
[Site "FRA"]
[Date "1998.04.04"]
[Round "6"]
[White "Legky, Nikolay A"]
[Black "Dunnington, Angus J"]
[Result "1/2-1/2"]
[WhiteElo "2480"]
[BlackElo "2390"]
[PlyCount "109"]
[EventDate "1998.02.06"]
[Source "ChesBase"]
[SourceDate "1998.07.07"]

1. d4 Nf6 2. c4 c5 3. d5 b5 4. cxb5 a6 5. bxa6 g6 6. Nc3 Bxa6 7. e4 Bxf1 8.
Kxf1 d6 9. Nf3 Bg7 10. g3 O-O 11. Kg2 Nbd7 12. h3 Ra7 13. Qc2 Qa8 14. Rd1 Rb8
15. Rb1 Ne8 16. a3 Rab7 17. b3 Qa5 18. Na2 Nc7 19. a4 Qa6 20. Bd2 Nb6 21. a5
Nb5 22. Qd3 Nd7 23. b4 Qa8 24. Rdc1 Nc7 25. Be3 Rb5 26. bxc5 Nxc5 27. Bxc5 dxc5
28. Rxb5 Rxb5 29. Nc3 Rxa5 30. Nd1 Qa6 31. Qc2 Rb5 32. Ne3 Qb7 33. Nc4 Ne8 34.
Nfd2 Nd6 35. Nxd6 exd6 36. Nc4 Qe7 37. Rb1 Rb4 38. f3 h5 39. Rxb4 cxb4 40. Qa4
Bc3 41. h4 f5 42. e5 Bxe5 43. Qxb4 Bd4 44. Qd2 Bc5 45. Na5 Kh7 46. Nc6 Qe3 47.
Qxe3 Bxe3 48. Nd8 Bc5 49. Ne6 Bb6 50. Kf1 Kg8 51. Ke2 Kf7 52. Nf4 Kf6 53. Nd3
Ba7 54. Kd2 Bd4 55. Ke2 1/2-1/2

[Event "FRA-chT"]
[Site "FRA"]
[Date "1998.04.04"]
[Round "6"]
[White "Mancini, Mario"]
[Black "Dieu, Bruno"]
[Result "1/2-1/2"]
[WhiteElo "2320"]
[BlackElo "2275"]
[PlyCount "83"]
[EventDate "1998.02.06"]
[Source "ChesBase"]
[SourceDate "1998.07.07"]

1. d4 e6 2. c4 b6 3. Nf3 Bb7 4. g3 Nf6 5. Bg2 Be7 6. Nc3 Ne4 7. Nxe4 Bxe4 8.
O-O O-O 9. d5 Bf6 10. Nd4 Bxg2 11. Kxg2 Qe7 12. Nb5 d6 13. e3 g6 14. Qf3 Bg7
15. dxe6 c6 16. Nd4 fxe6 17. Qe4 Re8 18. Bd2 Qd7 19. Bc3 d5 20. cxd5 exd5 21.
Qd3 c5 22. Ne2 Nc6 23. Bxg7 Kxg7 24. Rad1 Rad8 25. Rd2 Ne5 26. Qc3 Qc6 27. f3
Kg8 28. h3 Rd7 29. b3 g5 30. g4 Ng6 31. Ng3 Nh4+ 32. Kh2 Qd6 33. f4 d4 34. exd4
gxf4 35. Nh5 f3+ 36. Kg1 cxd4 37. Qc4+ Kh8 38. Rfd1 Qe5 39. Qd3 Rg8 40. Kf1 Re8
41. Rc1 Rd6 42. a4 1/2-1/2

[Event "FRA-chT"]
[Site "FRA"]
[Date "1998.04.04"]
[Round "6"]
[White "Marciano, David"]
[Black "Collas, Didier"]
[Result "1-0"]
[WhiteElo "2485"]
[BlackElo "2355"]
[PlyCount "79"]
[EventDate "1998.02.06"]
[Source "ChesBase"]
[SourceDate "1998.07.07"]

1. e4 c5 2. Nf3 Nc6 3. d4 cxd4 4. Nxd4 Nf6 5. Nc3 d6 6. Bg5 e6 7. Qd2 a6 8.
O-O-O h6 9. Bf4 Bd7 10. Nxc6 Bxc6 11. f3 d5 12. Qe1 Bb4 13. a3 Bxc3 14. Qxc3
O-O 15. Be5 Rc8 16. Bd3 Nd7 17. Bd6 Re8 18. exd5 Bxd5 19. Qd4 Rc6 20. Bb4 Qg5+
21. Kb1 Qe5 22. Bc3 Qxd4 23. Bxd4 b5 24. b3 Rec8 25. Rd2 Nf6 26. Rhd1 Ne8 27.
Be5 f6 28. Bg3 Kf7 29. Kb2 g6 30. a4 b4 31. a5 Nc7 32. Ra1 e5 33. Ra4 Rb8 34.
Bf2 Be6 35. Be4 Rc3 36. Rxb4 Rxb4 37. Kxc3 Rb5 38. Kb2 f5 39. Bc6 Rb4 40. c4
1-0

[Event "FRA-chT"]
[Site "FRA"]
[Date "1998.04.04"]
[Round "6"]
[White "Muller, Anne"]
[Black "Piquemal, Christianne"]
[Result "1/2-1/2"]
[WhiteElo "2115"]
[BlackElo "2060"]
[PlyCount "52"]
[EventDate "1998.02.06"]
[Source "ChesBase"]
[SourceDate "1998.07.07"]

1. e4 c5 2. Nf3 d6 3. d4 cxd4 4. Nxd4 Nf6 5. Nc3 a6 6. Be2 e5 7. Nb3 Be7 8. O-O
O-O 9. Be3 Be6 10. f4 exf4 11. Rxf4 Nc6 12. Kh1 d5 13. exd5 Nxd5 14. Nxd5 Qxd5
15. Qxd5 Bxd5 16. Rd1 Bxb3 17. axb3 Rad8 18. Bb6 Rxd1+ 19. Bxd1 Bf6 20. c3 Re8
21. Kg1 Re1+ 22. Rf1 Rxf1+ 23. Kxf1 Bg5 24. Bg4 Ne7 25. Bf3 Nc6 26. Bg4 Ne7
1/2-1/2

[Event "FRA-chT"]
[Site "FRA"]
[Date "1998.04.04"]
[Round "6"]
[White "Palac, Mladen"]
[Black "Solozhenkin, Evgeniy"]
[Result "1/2-1/2"]
[WhiteElo "2545"]
[BlackElo "2500"]
[PlyCount "57"]
[EventDate "1998.02.06"]
[Source "ChesBase"]
[SourceDate "1998.07.07"]

1. e4 e5 2. Nf3 Nc6 3. Bb5 a6 4. Ba4 Nf6 5. O-O Be7 6. Re1 b5 7. Bb3 d6 8. c3
O-O 9. h3 Re8 10. d4 Bb7 11. Nbd2 Bf8 12. a3 h6 13. Bc2 Nb8 14. b4 Nbd7 15. Bb2
g6 16. a4 Nb6 17. a5 Nbd7 18. Qb1 c5 19. bxc5 dxc5 20. dxe5 Nxe5 21. c4 Nxf3+
22. Nxf3 Re6 23. e5 Nd7 24. Be4 Bxe4 25. Qxe4 Bg7 26. Red1 Ra7 27. Rd5 Qe8 28.
Qd3 bxc4 29. Qxc4 1/2-1/2

[Event "FRA-chT"]
[Site "FRA"]
[Date "1998.04.04"]
[Round "6"]
[White "Parr, Erik"]
[Black "Giffard, Nicolas"]
[Result "1/2-1/2"]
[WhiteElo "2285"]
[BlackElo "2395"]
[PlyCount "70"]
[EventDate "1998.02.06"]
[Source "ChesBase"]
[SourceDate "1998.07.07"]

1. e4 c6 2. d4 d5 3. e5 Bf5 4. Nf3 e6 5. Be2 Ne7 6. O-O Nd7 7. c3 h6 8. Nbd2
Ng6 9. Nb3 Be7 10. Bd3 Bxd3 11. Qxd3 O-O 12. Re1 Qb6 13. Be3 a5 14. Qd2 a4 15.
Nc1 c5 16. Ne2 cxd4 17. Bxd4 Qc7 18. Ng3 Rfc8 19. Rab1 Nb8 20. h4 Nc6 21. h5
Nxd4 22. cxd4 Nh4 23. Nxh4 Bxh4 24. Rec1 Qb6 25. Rxc8+ Rxc8 26. Ne2 Be7 27. Qd3
Rc6 28. b3 a3 29. Rc1 Rxc1+ 30. Nxc1 Qb4 31. Kf1 Bd8 32. Ne2 Ba5 33. Qd1 Kf8
34. g3 Ke7 35. Kg2 Qd2 1/2-1/2

[Event "FRA-chT"]
[Site "FRA"]
[Date "1998.04.04"]
[Round "6"]
[White "Poulton, James"]
[Black "Salaun, Yann"]
[Result "1/2-1/2"]
[WhiteElo "2365"]
[BlackElo "2360"]
[PlyCount "39"]
[EventDate "1998.02.06"]
[Source "ChesBase"]
[SourceDate "1998.07.07"]

1. d4 e6 2. c4 d5 3. Nc3 c5 4. cxd5 exd5 5. Nf3 Nc6 6. Bf4 Nf6 7. e3 Bg4 8. Qb3
Bd6 9. Bxd6 Qxd6 10. dxc5 Qxc5 11. Be2 O-O 12. O-O Na5 13. Qa4 Bxf3 14. Bxf3
Nc4 15. Qc2 Rac8 16. Rac1 Rfd8 17. Rfd1 b5 18. Ne2 Qf8 19. Qb1 Qe7 20. Nd4
1/2-1/2

[Event "FRA-chT"]
[Site "FRA"]
[Date "1998.04.04"]
[Round "6"]
[White "Relange, Eloi"]
[Black "Illescas Cordoba, Miguel"]
[Result "1/2-1/2"]
[WhiteElo "2490"]
[BlackElo "2600"]
[PlyCount "59"]
[EventDate "1998.02.06"]
[Source "ChesBase"]
[SourceDate "1998.07.07"]

1. e4 c6 2. c4 d5 3. exd5 Nf6 4. Nc3 cxd5 5. cxd5 Nxd5 6. Bc4 Nxc3 7. bxc3 Qc7
8. Bb3 e6 9. Nf3 Be7 10. O-O O-O 11. Re1 Nd7 12. Rb1 b6 13. d4 Bb7 14. Qd3 Rac8
15. Bb2 Bf6 16. c4 Rfd8 17. Qe3 Nf8 18. Ne5 Ng6 19. Ng4 Be7 20. d5 exd5 21.
cxd5 Bc5 22. Qh3 Qf4 23. Rbd1 Re8 24. Rxe8+ Rxe8 25. Qc3 Bf8 26. Ne3 Rc8 27.
Qd3 Rd8 28. Qc3 Rc8 29. Qd3 Rd8 30. Qc3 1/2-1/2

[Event "FRA-chT"]
[Site "FRA"]
[Date "1998.04.04"]
[Round "6"]
[White "Roos, Jean Luc"]
[Black "Ochoa de Echaguen, F Javier"]
[Result "1-0"]
[WhiteElo "2315"]
[BlackElo "2440"]
[PlyCount "59"]
[EventDate "1998.02.06"]
[Source "ChesBase"]
[SourceDate "1998.07.07"]

1. e4 c5 2. Nc3 Nc6 3. g3 g6 4. d3 Bg7 5. Bg2 d6 6. f4 e6 7. Nf3 Nge7 8. O-O
O-O 9. Be3 Nd4 10. Bf2 Nec6 11. Nxd4 Nxd4 12. e5 dxe5 13. fxe5 Bxe5 14. Ne4 Nc6
15. c3 b6 16. Nxc5 Bd7 17. Nxd7 Qxd7 18. Qa4 Rac8 19. Rad1 Bg7 20. d4 Qc7 21.
Be3 Na5 22. Bf4 e5 23. dxe5 Bxe5 24. Rd7 Qc5+ 25. Kh1 Bxf4 26. Qxf4 Nc4 27. Bd5
Rc6 28. b4 Qb5 29. a4 Qxa4 30. Bxf7+ 1-0